000 00641 a2200193 4500
020 _a0070991308
035 _a4575232
040 _aDLC
_bDLC
100 1 0 _aLipschutz, Seymour.
245 1 0 _aSchaum's outline of theory and problems of data structures
_cSeymour Lipschutz.
250 _aInternational ed.
260 0 _aSingapore
_b: McGraw-Hill
_c, c1986.
300 _a344 p.
_b: ill.
_c; 27 cm.
490 0 _aSchaum's outline series. Schaum's outline series in computers.
650 0 _aData structures (Computer science)
740 0 1 _aData structures.
740 0 1 _aTheory and problems of data structures.
942 _cBK
_k005.73 LIP
_2ddc
999 _c9718
_d9718